000 00651cam a2200193 4500500
005 20260405004029.0
041 _afre
042 _adc
100 1 0 _aLarmagnac-Matheron, Octave
_eauthor
245 0 0 _aSéance de rattrapage : les moments-clés de Game of Thrones
260 _c2019.
500 _a25
690 _aGame of Thrones
690 _aHeroic fantasy
690 _aPouvoir
690 _aSérie
786 0 _nPhilosophie magazine - Hors séries | Hors-série Pritemps 2019 | HS41 | 2019-04-01 | p. 1-1 | 2104-9246
856 4 1 _uhttps://shs.cairn.info/magazine-philosophie-magazine-2019-hs41-page-1?lang=fr&redirect-ssocas=7080
999 _c2073052
_d2073052